000 01497nam a2200301 a 4500
999 _c436758
_d436758
003 BLK
005 20250513181359.0
008 211112b bul|||||r ||||||| ||bul||
020 _a3800083823988
020 _a978-619-199-364-2
_q(подв.)
040 _aBLK
041 _aBUL
_cBUL
080 _aНаука. Наукознание. Организация на умствения труд
_b001
_x:087.5
_z001:087.5
100 _9370522
_aГифорд, Клайв
_eпърви автор
139 _aГифорд, Клайв
_bГ 50
245 1 0 _aВиж ти!
_bповече от 1500 изумителни факта : светът около нас, представен в сравнения
_cКлайв Гифърд ; ил. Пол Бостън ; прев. , Антон Татаров
260 _aСофия
_bФют
_c2018
_f(отпеч. в Китай)
300 _a96 с.
_bс цв. ил.
_c24 см
380 _aDN
500 _aОриг. загл.: The book of comparisons. - Възприетата форма на името на авт. Клайв Гифърд е Клайв Гифорд. - Азб. показалец
650 7 _aНаука
_9163554
700 _aБостън, Пол
_eил.
_9467351
700 _aМанушева, Ирина Борисова
_9368041
700 _aТатаров, Антон Златаров
_eпрев.
_9334236
852 _bД
_c0/Г 50 К
942 _cKNG
_n0
_034
_s1
944 _aCR
_c2021-11-12
_k30551
_lБояна Костадинова